| Tag |
First Indicator |
Second Indicator |
Subfields |
| LEADER |
00000cam a2200000 a 4500 |
| 001 |
in00000090695 |
| 005 |
20150923130912.0 |
| 008 |
811006s1980 enka b 00110 eng d |
| 020 |
|
|
|a 0713418982
|
| 035 |
|
|
|a (OCoLC)07819734
|
| 035 |
|
|
|9 AAK6533AM
|
| 040 |
|
|
|a SPI
|c SPI
|d OCL
|d TXA
|d UtOrBLW
|
| 049 |
|
|
|a TXAM
|c [1407154]
|
| 090 |
|
|
|a GV1450
|b .K45
|
| 092 |
|
|
|a 794.122
|b KEEN 2
|
| 100 |
1 |
|
|a Keene, Raymond D.
|
| 245 |
1 |
0 |
|a French defence :
|b Tarrasch variation /
|c Raymond Keene, Shaun Taulbut.
|
| 264 |
|
1 |
|a London :
|b B.T. Batsford,
|c 1980.
|
| 300 |
|
|
|a 101 pages :
|b illustrations ;
|c 22 cm.
|
| 336 |
|
|
|a text
|b txt
|2 rdacontent
|
| 337 |
|
|
|a unmediated
|b n
|2 rdamedia
|
| 338 |
|
|
|a volume
|b nc
|2 rdacarrier
|
| 490 |
1 |
|
|a Batsford algebraic chess openings
|
| 500 |
|
|
|a "A Batsford chess book."
|
| 500 |
|
|
|a Includes indexes.
|
| 504 |
|
|
|a Bibliography: pages [vii].
|
| 536 |
|
|
|a From the Chess Collection of Charles Crain ; July, 1998.
|
| 650 |
|
0 |
|a Chess
|x Openings.
|
| 700 |
1 |
|
|a Taulbut, Shaun.
|
| 830 |
|
0 |
|a Batsford algebraic chess openings.
|
| 999 |
|
|
|a MARS
|
| 999 |
f |
f |
|s dd7982a4-64ef-353d-8f67-b073df069659
|i 91101fef-a431-391c-b49b-001dcfc7132f
|t 0
|
| 952 |
f |
f |
|p ric
|a Texas A&M University
|b Rellis Campus
|c Joint Library Facility
|d Remote Storage
|t 0
|e GV1450 .K45
|h Library of Congress classification
|i unmediated -- volume
|m A14824168128
|
| 952 |
f |
f |
|p normal
|a Texas A&M University
|b College Station
|c Sterling C. Evans Library
|d Evans: Library Stacks
|t 0
|e GV1450 .K45
|h Library of Congress classification
|i unmediated -- volume
|m A14806001213
|
| 998 |
f |
f |
|a GV1450 .K45
|t 0
|l Remote Storage
|
| 998 |
f |
f |
|a GV1450 .K45
|t 0
|l Evans: Library Stacks
|